| 000 | 00415nam a2200157Ia 4500 | ||
|---|---|---|---|
| 003 | GCL | ||
| 008 | 140319s9999 xx 000 0 eng d | ||
| 040 |
_aGCL / _cGCL |
||
| 082 | 0 | 4 |
_a621.471 _bM S |
| 100 | 1 | _aMAGAL, BS. | |
| 245 | 1 | 0 |
_aSOLAR POWER ENGINEERING / _cMAGAL, BS. |
| 260 |
_a[S.N] : _bTATA MCGRAW - HILL PUBLISHING ، _c1994 |
||
| 650 | 0 | 4 | _aSOLAR POWER |
| 650 | 0 | 4 | _aPOWER ENGINEERING |
| 942 |
_2ddc _cBK |
||
| 999 |
_c10585 _d10585 |
||